LEADER 02062nam 2200565 a 450 001 9910457892403321 005 20200520144314.0 010 $a1-283-25912-5 010 $a9786613259127 010 $a1-61121-073-9 035 $a(CKB)2550000000054485 035 $a(StDuBDS)AH24486093 035 $a(SSID)ssj0000536724 035 $a(PQKBManifestationID)12223616 035 $a(PQKBTitleCode)TC0000536724 035 $a(PQKBWorkID)10550730 035 $a(PQKB)10941722 035 $a(MiAaPQ)EBC3007466 035 $a(Au-PeEL)EBL3007466 035 $a(CaPaEBR)ebr10498890 035 $a(CaONFJC)MIL325912 035 $a(OCoLC)923617836 035 $a(EXLCZ)992550000000054485 100 $a20110329d2011 uy 0 101 0 $aeng 135 $aur||||||||||| 181 $ctxt 182 $cc 183 $acr 200 10$aFlames beyond Gettysburg$b[electronic resource] $ethe Confederate expedition to the Susquehanna River, June 1863 /$fScott L. Mingus, Sr 205 $a1st Savas Beatie ed. 210 $aNew York $cSavas Beatie$dc2011 215 $a1 online resource (xii, 396 p. ) $cill., maps 300 $aOriginally published as Flames beyond Gettysburg: the Gordon Expedition, June 1863 (Ironclas Publishing, 2009, Vol. 5, Discovering Civil War America series). 311 $a1-61121-072-0 320 $aIncludes bibliographical references and index. 330 8 $aBased upon extensive primary source material and featuring original maps, the fast-paced and gracefully written 'Flames Beyond Gettysburg' is a welcomed and important addition to the Gettysburg literature. 606 $aGettysburg Campaign, 1863 607 $aSusquehanna River Valley$xHistory, Military$y19th century 608 $aElectronic books. 615 0$aGettysburg Campaign, 1863. 676 $a973.7/349 700 $aMingus$b Scott L$0934837 801 0$bMiAaPQ 801 1$bMiAaPQ 801 2$bMiAaPQ 906 $aBOOK 912 $a9910457892403321 996 $aFlames beyond Gettysburg$92105238 997 $aUNINA LEADER 01421nam1 22003253i 450 001 VAN0268032 005 20231205105121.720 100 $a20231128f |0itac50 ba 101 $aeng 102 $aUS 105 $a|||| ||||| 200 1 $aLectures in Pattern Theory$fUlf Grenander 210 $aNew York$cSpringer 215 $a3 volumi$cill.$d24 cm 463 1$1001VAN0268033$12001 $aˆVol. 1: ‰Pattern Synthesis$fUlf Grenander$1210 $aNew York$cSpringer$d1976$1215 $aviii, 513 p.$cill.$d24 cm$v1 463 1$1001VAN0268186$12001 $aˆVol. 2: ‰Pattern Analysis$fUlf Grenander$1210 $aNew York$cSpringer$d1978$1215 $aviii, 616 p.$cill.$d24 cm$v2 463 1$1001VAN0268421$12001 $aˆVol. 3: ‰Regular Structures$fUlf Grenander$1210 $aNew York$cSpringer$d1981$1215 $aviii, 570 p.$cill.$d24 cm$v3 620 $aUS$dNew York$3VANL000011 700 1$aGrenander$bUlf$3VANV030664$0103221 712 02$aSpringer$ceditore$3VANV108073 791 02$aSpringer Vieweg$zSpringer $3VANV228239 791 02$aSpringer Telos$zSpringer $3VANV108074 791 02$aSpringer Fachmedien$zSpringer $3VANV108075 791 02$aSpringer Spektrum$zSpringer $3VANV226738 791 02$aSpringer, Julius$zSpringer $3VANV230226 801 $aIT$bSOL$c20240614$gRICA 912 $fN 912 $aVAN0268032 996 $aLectures in pattern theory$91205192 997 $aUNICAMPANIA